[Event "ENCI Limburg-open Veteranen"]
[Site "Maastricht"]
[Date "2012.05.27"]
[Round "3"]
[White "Van Pol, Thieu"]
[Black "Kwee, Tjoe Liong"]
[Result "0-1"]
[WhiteElo "1581"]
[BlackElo "1690"]
[PlyCount "148"]
[EventDate "2012.05.25"]
[EventType "swiss"]
[EventRounds "5"]
[EventCountry "NED"]
[Source "P.Boonen"]
[SourceDate "2013.01.01"]

1. d4 Nf6 2. Bf4 e6 3. e3 c5 4. dxc5 Bxc5 5. Nd2 Nd5 6. Be5 f6 7. Bg3 O-O 8.
Ngf3 b6 9. Bd3 Bb7 10. a3 a5 11. c4 Ne7 12. Qc2 f5 13. O-O Ng6 14. h3 Nc6 15.
Nb3 d6 16. Nxc5 bxc5 17. h4 Nce5 18. Nxe5 dxe5 19. h5 Nh4 20. e4 f4 21. Bxh4
Qxh4 22. f3 Qd8 23. Kf2 Qd4+ 24. Ke1 Rab8 25. Rd1 Qe3+ 26. Be2 Bxe4 27. Qxe4
Rxb2 28. Qxe3 fxe3 29. Rh1 e4 30. Rh4 exf3 31. gxf3 Rf5 32. Re4 Rxh5 33. Rxe3
Rh1+ 34. Bf1 Kf7 35. Re5 Rb3 36. Rxc5 Rxf3 37. Ke2 Rxa3 38. Rc7+ Kf6 39. c5
Rh2+ 40. Ke1 Re3+ 41. Be2 Rexe2+ 42. Kf1 Rc2 43. Kg1 Rcg2+ 44. Kf1 Rc2 45. Kg1
Rhg2+ 46. Kh1 Rh2+ 47. Kg1 Rcg2+ 48. Kf1 Rh1+ 49. Kxg2 Rxd1 50. c6 Rc1 51. Rc8
Ke5 52. Rc7 g5 53. Kg3 h5 54. Rg7 Kf6 55. Rc7 a4 56. Rc8 a3 57. c7 Ke7 58. Rg8
Rxc7 59. Rxg5 a2 60. Ra5 Rc4 61. Rxa2 Kf6 62. Rf2+ Kg6 63. Re2 h4+ 64. Kh3 Kf5
65. Rf2+ Rf4 66. Re2 e5 67. Ra2 Ke4 68. Re2+ Kd4 69. Rd2+ Ke3 70. Rg2 e4 71.
Ra2 Kf3 72. Ra3+ e3 73. Rb3 Kf2 74. Kh2 e2 0-1

[Event "ENCI Limburg-open Veteranen"]
[Site "Maastricht"]
[Date "2012.05.28"]
[Round "4"]
[White "De Kleijnen, Henk"]
[Black "Schotanus, Fred"]
[Result "1/2-1/2"]
[WhiteElo "1895"]
[BlackElo "1760"]
[PlyCount "53"]
[EventDate "2012.05.25"]
[EventType "swiss"]
[EventRounds "5"]
[EventCountry "NED"]
[Source "P.Boonen"]
[SourceDate "2013.01.01"]

1. d4 g6 2. c4 Bg7 3. Nc3 Nf6 4. e4 d6 5. f3 O-O 6. Be3 h6 7. Qd2 Kh7 8. Nge2
e5 9. dxe5 dxe5 10. O-O-O Qxd2+ 11. Rxd2 c6 12. Kc2 Be6 13. Nc1 Na6 14. Be2
Nb4+ 15. Kb1 Rfe8 16. a3 Na6 17. Rhd1 Bf8 18. b4 Nc7 19. Kb2 Rec8 20. Nb3 b6
21. h3 Be7 22. g4 Rd8 23. f4 Rxd2+ 24. Rxd2 exf4 25. Bxf4 Rc8 26. e5 Nfe8 27.
Ne4 1/2-1/2

[Event "ENCI Limburg-open Veteranen"]
[Site "Maastricht"]
[Date "2012.05.28"]
[Round "4"]
[White "De Wit, Gerrit"]
[Black "Van Pol, Thieu"]
[Result "1-0"]
[WhiteElo "1696"]
[BlackElo "1581"]
[PlyCount "111"]
[EventDate "2012.05.25"]
[EventType "swiss"]
[EventRounds "5"]
[EventCountry "NED"]
[Source "P.Boonen"]
[SourceDate "2013.01.01"]

1. e4 d5 2. exd5 Qxd5 3. d4 c6 4. Nf3 Nf6 5. Be2 Bf5 6. O-O e6 7. c4 Qd8 8. Nc3
Be7 9. Re1 Nbd7 10. Bf1 O-O 11. a3 Qc7 12. Ne5 Nxe5 13. dxe5 Nd7 14. Qe2 Rfd8
15. Bf4 Nc5 16. Bg3 Bg5 17. f4 Be7 18. b4 Bd3 19. Qe3 Bxf1 20. Kxf1 Rd3 21. Qc1
Nb3 22. Qc2 Nxa1 23. Qxd3 Rd8 24. Qb1 Rd4 25. Qxa1 Rxc4 26. Re4 Rxe4 27. Nxe4
Qd8 28. Qc3 Qd1+ 29. Kf2 Bd8 30. Nc5 Bb6 31. Bh4 Bc7 32. Qd3 Qa1 33. Be7 h6 34.
Nxb7 g5 35. Bd6 Bb6+ 36. Nc5 gxf4 37. Qd2 Qxa3 38. Qxf4 Qb2+ 39. Kg3 Qc3+ 40.
Kg4 Qc2 41. Kh3 Qg6 42. Qg4 Kg7 43. Qxg6+ Kxg6 44. Nd7 Bd4 45. Nb8 Kf5 46. Nxc6
Bb6 47. Kg3 Bg1 48. h3 Be3 49. Kf3 Bb6 50. g4+ Kg6 51. b5 f6 52. exf6 Kxf6 53.
Bb8 e5 54. Bxa7 Bxa7 55. Nxa7 Ke6 56. Ke4 1-0

[Event "ENCI Limburg-open Veteranen"]
[Site "Maastricht"]
[Date "2012.05.28"]
[Round "4"]
[White "Debusschere, Helmuth"]
[Black "Montforts, Ton"]
[Result "1-0"]
[WhiteElo "1784"]
[BlackElo "1640"]
[PlyCount "61"]
[EventDate "2012.05.25"]
[EventType "swiss"]
[EventRounds "5"]
[EventCountry "NED"]
[Source "P.Boonen"]
[SourceDate "2013.01.01"]

1. e4 d5 2. exd5 Nf6 3. d4 Nxd5 4. c4 Nb4 5. a3 N4c6 6. Nf3 e6 7. Be3 Nd7 8.
Nc3 Nf6 9. Qd2 Be7 10. h3 O-O 11. Be2 Na5 12. Rd1 b6 13. b4 Nb7 14. Ne5 Bd7 15.
Bf3 Rb8 16. O-O Nd6 17. c5 Nf5 18. Bf4 Qe8 19. c6 Bc8 20. g4 Nh4 21. Bh1 h6 22.
Bg3 Ng6 23. Nxg6 fxg6 24. Bxc7 Ra8 25. Bg3 a6 26. Rfe1 Kh7 27. Na4 a5 28. Nxb6
Ra6 29. bxa5 Bxa3 30. d5 Qe7 31. d6 1-0

[Event "ENCI Limburg-open Veteranen"]
[Site "Maastricht"]
[Date "2012.05.28"]
[Round "4"]
[White "Kwee, Tjoe Liong"]
[Black "Schreinemachers, Jo"]
[Result "1-0"]
[WhiteElo "1690"]
[BlackElo "1544"]
[PlyCount "63"]
[EventDate "2012.05.25"]
[EventType "swiss"]
[EventRounds "5"]
[EventCountry "NED"]
[Source "P.Boonen"]
[SourceDate "2013.01.01"]

1. f4 d5 2. Nf3 g6 3. e3 Bg7 4. Be2 Nf6 5. O-O O-O 6. h3 c5 7. d3 Nc6 8. Nbd2
Nh5 9. Kh2 Qd6 10. Nh4 Nf6 11. g3 Qe6 12. f5 Qxe3 13. Ndf3 Qxe2+ 14. Qxe2 gxf5
15. c3 e6 16. Bf4 b6 17. a3 Bb7 18. Rac1 Rfe8 19. Ne5 Rad8 20. Nhf3 Nd7 21.
Nxc6 Bxc6 22. Ng5 e5 23. Qh5 Nf6 24. Qxf7+ Kh8 25. Qc7 Rc8 26. Qxa7 exf4 27.
gxf4 h6 28. Nf7+ Kh7 29. Ne5 Ra8 30. Qf7 Bb5 31. Rg1 Rg8 32. Qg6+ 1-0

[Event "ENCI Limburg-open Veteranen"]
[Site "Maastricht"]
[Date "2012.05.28"]
[Round "5"]
[White "Kwee, Tjoe Liong"]
[Black "De Kleijnen, Henk"]
[Result "1/2-1/2"]
[WhiteElo "1690"]
[BlackElo "1895"]
[PlyCount "40"]
[EventDate "2012.05.25"]
[EventType "swiss"]
[EventRounds "5"]
[EventCountry "NED"]
[Source "P.Boonen"]
[SourceDate "2013.01.01"]

1. f4 Nf6 2. b3 g6 3. Bb2 Bg7 4. Nf3 O-O 5. e3 d5 6. c4 e6 7. Be2 b6 8. Na3 Bb7
9. O-O Qe7 10. Nb5 a6 11. Nbd4 c5 12. Ba3 Qc7 13. Rc1 Rc8 14. Ng5 Qd7 15. Ndf3
Ne4 16. Nxe4 dxe4 17. Ne5 Bxe5 18. fxe5 Nc6 19. Bb2 Nb4 20. Ra1 Nc6 1/2-1/2

[Event "ENCI Limburg-open Veteranen"]
[Site "Maastricht"]
[Date "2012.05.28"]
[Round "5"]
[White "Montforts, Ton"]
[Black "Van Pol, Thieu"]
[Result "0-1"]
[WhiteElo "1640"]
[BlackElo "1581"]
[PlyCount "90"]
[EventDate "2012.05.25"]
[EventType "swiss"]
[EventRounds "5"]
[EventCountry "NED"]
[Source "P.Boonen"]
[SourceDate "2013.01.01"]

1. d4 e6 2. Nf3 d5 3. e3 Nf6 4. Bd3 Be7 5. O-O a6 6. b3 b5 7. Bb2 Nbd7 8. Nbd2
c5 9. c4 dxc4 10. bxc4 b4 11. Nb3 Bb7 12. Re1 O-O 13. Ne5 Nxe5 14. dxe5 Nd7 15.
f4 a5 16. Qc2 h6 17. Rad1 Qc7 18. Nd2 Rfd8 19. Ne4 Rab8 20. Nd6 Bxd6 21. exd6
Qc6 22. f5 e5 23. Bf1 Qe4 24. Qf2 f6 25. Rd2 Nb6 26. Bd3 Qg4 27. h3 Qh5 28. Be2
Qf7 29. Qh4 Kh8 30. Rc1 Rd7 31. Bh5 Qg8 32. Rd5 Nxd5 33. cxd5 Bxd5 34. Rxc5
Rxd6 35. Rxa5 Rdb6 36. Qf2 Bxa2 37. Bxe5 fxe5 38. Rxa2 b3 39. Rb2 Ra6 40. Qd2
Ra2 41. Bf3 Rxb2 42. Qxb2 Qc4 43. Bd1 Qd5 44. Bf3 e4 45. Bd1 Qxd1+ 0-1

[Event "ENCI Limburg-open Veteranen"]
[Site "Maastricht"]
[Date "2012.05.28"]
[Round "5"]
[White "Rikers, Jo"]
[Black "De Wit, Gerrit"]
[Result "0-1"]
[WhiteElo "1442"]
[BlackElo "1696"]
[PlyCount "112"]
[EventDate "2012.05.25"]
[EventType "swiss"]
[EventRounds "5"]
[EventCountry "NED"]
[Source "P.Boonen"]
[SourceDate "2013.01.01"]

1. d4 Nf6 2. Bf4 e6 3. e3 Be7 4. Bd3 d5 5. c3 b6 6. Nf3 Bb7 7. Nbd2 Nbd7 8. Qc2
Rc8 9. Ne5 O-O 10. Ndf3 c5 11. O-O c4 12. Be2 b5 13. Ng5 Ne4 14. Nh3 f6 15. Nf3
Nb6 16. Nd2 Nxd2 17. Qxd2 a6 18. f3 Nd7 19. Qc2 e5 20. Bg3 Qb6 21. Bf2 Qc7 22.
Rfd1 Bd6 23. dxe5 Bxe5 24. g3 Rcd8 25. f4 Bd6 26. Bf3 Nb6 27. Rd4 Bc5 28. Rd2
Rfe8 29. Re1 Qd7 30. Bg2 Qe6 31. Rde2 Qc8 32. Kf1 Re7 33. Ng1 Rde8 34. Qd2 Rd8
35. Nf3 g6 36. Nd4 Na4 37. e4 dxe4 38. Bxe4 Bxe4 39. Rxe4 Rxe4 40. Rxe4 Bf8 41.
Qe2 Nc5 42. Re3 Qd7 43. Qf3 Re8 44. Qe2 Rxe3 45. Qxe3 Nd3 46. Qe2 Bc5 47. Kg2
Qd5+ 48. Kg1 Kf7 49. Qd2 Bxd4 50. Bxd4 Qe4 51. Bf2 a5 52. Qc2 a4 53. Qd2 f5 54.
a3 Qf3 55. Be3 Ke6 56. Bd4 Kd5 {.....} 0-1

[Event "ENCI Limburg-open Veteranen"]
[Site "Maastricht"]
[Date "2012.05.28"]
[Round "5"]
[White "Schotanus, Fred"]
[Black "Borsten, Chris"]
[Result "1-0"]
[WhiteElo "1760"]
[BlackElo "1519"]
[PlyCount "45"]
[EventDate "2012.05.25"]
[EventType "swiss"]
[EventRounds "5"]
[EventCountry "NED"]
[Source "P.Boonen"]
[SourceDate "2013.01.01"]

1. e4 c5 2. Nc3 e6 3. g3 g6 4. Bg2 Bg7 5. Nge2 Ne7 6. O-O O-O 7. d3 a6 8. Be3
d6 9. Qd2 Nbc6 10. d4 cxd4 11. Nxd4 Nxd4 12. Bxd4 Nc6 13. Bxg7 Kxg7 14. Rfd1
Qb6 15. Na4 Qb4 16. Qxb4 Nxb4 17. c3 Nc6 18. Nb6 Rb8 19. Rxd6 Rd8 20. e5 Kf8
21. Rad1 Ke7 22. Bxc6 Rxd6 23. exd6+ 1-0

[Event "ENCI Limburg-open Veteranen"]
[Site "Maastricht"]
[Date "2012.05.28"]
[Round "5"]
[White "Schreinemachers, Jo"]
[Black "Debusschere, Helmuth"]
[Result "0-1"]
[WhiteElo "1544"]
[BlackElo "1784"]
[PlyCount "68"]
[EventDate "2012.05.25"]
[EventType "swiss"]
[EventRounds "5"]
[EventCountry "NED"]
[Source "P.Boonen"]
[SourceDate "2013.01.01"]

1. d4 c5 2. d5 Nf6 3. c4 b5 4. Nf3 g6 5. cxb5 a6 6. Nc3 axb5 7. Nxb5 d6 8. Nc3
Bg7 9. e4 Nbd7 10. Bd3 O-O 11. O-O Ba6 12. Re1 Ng4 13. Bf4 Qa5 14. Bxa6 Qxa6
15. Qc2 Rfb8 16. h3 Nge5 17. Nxe5 Nxe5 18. Bxe5 Bxe5 19. g3 Qb6 20. Reb1 Qb4
21. a3 Qc4 22. Kg2 Rb3 23. Rc1 Rab8 24. Rab1 Bxc3 25. bxc3 Rxb1 26. Rxb1 Rxb1
27. Qxb1 Qxc3 28. a4 Kg7 29. g4 c4 30. Qb5 Qd4 31. f3 c3 32. Qb3 g5 33. a5 Qd2+
34. Kg3 c2 0-1